LEADER 00824cam2 2200253 450 001 E600200030251 005 20201125091640.0 100 $a20071012d1995 |||||ita|0103 ba 101 $aita$alat 102 $aIT 200 1 $a<<[1]: >>Nobiltà e cavalleria$fErrico Cuozzo 210 $aSalerno$cGentile$dc1995 215 $aXXIII, 388 p.$d24 cm 461 1$1001SOBE00064934$12000 $aNormanni / Errico Cuozzo 700 1$aCuozzo$b, Errico$3AF00003564$4070$010237 801 0$aIT$bUNISOB$c20201125$gRICA 850 $aUNISOB 852 $aUNISOB$j900$m83816 912 $aE600200030251 940 $aM 102 Monografia moderna SBN 941 $aM 957 $a900$b003040$gSi$d83816$racquisto$1pregresso2$2UNISOB$3UNISOB$420071012091416.0$520201116160131.0$6rovito 996 $aNobiltà e cavalleria$91761556 997 $aUNISOB LEADER 01064nam0 22002891i 450 001 UON00514677 005 20231205105515.174 100 $a20230525d1983 |0itac50 ba 101 $aita 102 $aIT 105 $a|||| ||||| 200 1 $aJa$fThomas Bernhard$gtraduzione di Claudio Groff 210 $aMilano$cGuanda$d[1983] 215 $a103 p.$d20 cm 410 1$1001UON00469422$12001 $aProsa contemporanea$1210 $aParma$cU. Guanda$v19 606 $aNARRATIVA TEDESCA$3UONC084005$2FI 620 $aIT$dMilano$3UONL000005 676 $a833.914$cNarrativa tedesca, 1945-1990$v21 700 1$aBERNHARD$bThomas$3UONV126012$0132758 702 1$aGROFF$bClaudio$3UONV140056$4730 712 $aGuanda$3UONV268587$4650 801 $aIT$bSOL$c20240220$gRICA 899 $aSIBA - SISTEMA BIBLIOTECARIO DI ATENEO$2UONSI 912 $aUON00514677 950 $aSIBA - SISTEMA BIBLIOTECARIO DI ATENEO$dSI F. Goethe 830 BER 1567 $eSI 42904 5 1567 996 $aJa$9174202 997 $aUNIOR LEADER 00795cam2 22002411 450 001 SOBE00066145 005 20240221101255.0 100 $a20210517d2005 |||||ita|0103 ba 101 $aita 102 $aIT 200 0 $a1$fFrancesco Petrarca 210 $aTorino$cG. Einaudi$d2005 215 $aCI, 854 p.$d23 cm 461 1$1001SOBE00066147$12001 $aCanzoniere : Rerum vulgarium fragmenta / Francesco Petrarca ; a cura di Rosanna Bettarini$v1 801 0$aIT$bUNISOB$c20240221$gRICA 850 $aUNISOB 852 $aUNISOB$j850$m174857 912 $aSOBE00066145 940 $aM 102 Monografia moderna SBN 941 $aW 957 $a850$b003727$i-1$gSI$d174857$n20210505$rAcquisto$tV$1menle$2UNISOB$3UNISOB$420210517085905.0$520240221101255.0$6Spinosa 996 $a1$961339 997 $aUNISOB